000 00453nam a2200145Ia 4500
008 151213s9999 xx 000 0 und d
100 _aJohn Keath Notes by - Glemis Byron
245 _aYork Notes Advanced John Keth Selected Poems
_cJohn Keath Notes by - Glemis Byron
260 _aNew Delhi
_bLongman
_c1999
300 _a3554 p.
650 _aEnglish Literature
650 _aLiterature
700 _aJohn Keath Notes by - Glemis Byron
999 _c2357
_d2357